000
00285nam a22001337a 4500
008
170622b xxu||||| |||| 00| 0 eng d
020
_a
9780375726279
041
_a
eng
080
_a
32
100
_a
21
101
_a
SHP
245
_a
WARRIOR POLITICS
_c
KPALAN,R.D
942
_2
udc
_c
BK
999
_c
18802
_d
18802